000 01443nam a22002177a 4500
008 240919t2024 xxk|||||o|||| 00| 0 eng d
041 _aeng
110 _aRoyal Institution of Chartered Surveyors
245 _aValuations for real estate investment entities:
_bA guide for clients and valuers
_h[Electronic resource]
260 _aLondon,
_bRoyal Institution of Chartered Surveyors,
_cSeptember 2024
490 _aRICS Client Guide
520 _aRICS has published a new document Valuations for real estate investment entities - A guide for clients and valuers. The guide summarises regulatory requirements and industry recommendations for commissioning and providing the regular valuations of real estate held by investment vehicles such as collective investment schemes, real estate investment trusts (REITs) and pension funds in the UK. This indirectly addresses Valuation Review recommendations 1, 3, 5 and 7. The guide does not place any new requirements on valuers or the clients but helpfully summarises existing governance and best practice.
650 _aVALUATION
650 _aREAL ESTATE INVESTMENT TRUSTS
650 _aPROPERTY INVESTMENT
651 _aUnited Kingdom
690 _aValuation
_96273
710 _aRoyal Institution of Chartered Surveyors
856 _uhttps://www.rics.org/content/dam/ricsglobal/documents/standards/client-guide-for-investment-valuations.pdf
_zAvailable free on RICS.org
942 _n0
999 _c122001
_d122001